000 00376nam a2200181Ia 4500
003 IT-RoPAU
008 120407s9999 xx 000 0 und d
040 _aIT-RoPAU
040 _cIT-RoPAU
041 _aita
100 _aMartin Grabmann
100 _cmons.
245 _aStoria della teologia cattolica
300 _c cm
490 _v1
942 _cBK
999 _c20192
_d20192